Statistics for Geographic Groups of 10

Click here to take the quiz!

General Stats

  • This quiz has been taken 205 times
  • The average score is 62 of 100

Answer Stats

Answer% Correct
Countries Bordering BrazilColombia
98%
Countries Bordering BrazilVenezuela
98%
Countries Bordering BrazilArgentina
97%
Countries Bordering BrazilBolivia
97%
Countries Bordering BrazilSuriname
97%
Countries Bordering BrazilParaguay
96%
Countries Bordering BrazilPeru
96%
Countries Bordering BrazilUruguay
96%
Countries Bordering BrazilGuyana
95%
Biggest Metro Areas in the USANew York City
91%
Biggest Metro Areas in the USA | Multiple Olympics Host Cities*Los Angeles
90%
Mississippi River StatesMississippi
88%
Biggest Metro Areas in the USAChicago
86%
Countries Bordering BrazilFrance
86%
Mississippi River StatesMissouri
85%
Multiple Olympics Host Cities*London
84%
African Great Lakes Region CountriesUganda
82%
Multiple Olympics Host Cities*Paris
81%
African Great Lakes Region CountriesDemocratic Republic of the Congo
80%
Biggest Metro Areas in the USAHouston
80%
African Great Lakes Region CountriesKenya
80%
Provinces of CanadaQuebec
80%
African Great Lakes Region CountriesRwanda
80%
African Great Lakes Region CountriesTanzania
80%
Biggest Metro Areas in the USADallas
79%
Mississippi River StatesArkansas
78%
Mississippi River StatesLouisiana
78%
Multiple Olympics Host Cities*Tokyo
78%
Provinces of CanadaAlberta
76%
Mississippi River StatesIllinois
76%
Provinces of CanadaNewfoundland and Labrador
76%
Mississippi River StatesTennessee
76%
Multiple Olympics Host Cities*Athens
75%
Provinces of CanadaBritish Columbia
75%
African Great Lakes Region CountriesMalawi
75%
Provinces of CanadaOntario
75%
African Great Lakes Region CountriesBurundi
74%
Biggest Metro Areas in the USAMiami
73%
African Great Lakes Region CountriesZambia
73%
Biggest Metro Areas in the USAAtlanta
72%
Mississippi River StatesIowa
72%
African Great Lakes Region CountriesMozambique
72%
Mississippi River StatesKentucky
71%
Largest World's IslandsGreenland
69%
Biggest Metro Areas in the USAPhiladelphia
69%
Biggest Metro Areas in the USAWashington, DC
69%
Mississippi River StatesMinnesota
67%
Danube River CountriesAustria
66%
Danube River CountriesHungary
66%
Largest World's IslandsMadagascar
66%
Provinces of CanadaPrince Edward Island
66%
Provinces of CanadaSaskatchewan
65%
African Great Lakes Region CountriesEthiopia
64%
Danube River CountriesGermany
64%
Capitals Beginning with NNairobi
64%
Danube River CountriesRomania
64%
Mississippi River StatesWisconsin
64%
Multiple Olympics Host Cities*Beijing
63%
Provinces of CanadaManitoba
63%
Danube River CountriesSerbia
63%
Danube River CountriesSlovakia
63%
Provinces of CanadaNova Scotia
62%
Biggest Metro Areas in the USAPhoenix
61%
Danube River CountriesBulgaria
60%
Danube River CountriesCroatia
59%
Largest World's IslandsBorneo
56%
Danube River CountriesUkraine
56%
States of West GermanyBavaria
53%
Danube River CountriesMoldova
53%
Provinces of CanadaNew Brunswick
50%
Largest World's IslandsHonshu
46%
Largest World's IslandsSumatra
46%
Capitals Beginning with NNew Delhi
45%
Largest World's IslandsNew Guinea
45%
Largest World's IslandsGreat Britain
44%
Largest World's IslandsBaffin Island
43%
Capitals Beginning with NNiamey
41%
Capitals Beginning with NNouakchott
39%
Capitals Beginning with NNassau
37%
Largest World's IslandsVictoria Island
37%
Capitals Beginning with NN'Djamena
31%
Capitals Beginning with NNicosia
31%
States of West GermanyNorth Rhine-Westphalia
31%
States of West GermanyHamburg
30%
Capitals Beginning with NNaypyidaw
30%
Largest World's IslandsEllesmere Island
29%
States of West GermanyBaden-Württemberg
28%
Capitals Beginning with NNukuʻalofa
28%
States of West GermanyBremen
27%
Capitals Beginning with NNgerulmud
26%
States of West GermanyLower Saxony
24%
States of West GermanyRhineland-Palatinate
22%
States of West GermanySaarland
22%
States of West GermanyHesse
21%
States of West GermanySchleswig-Holstein
21%
Multiple Olympics Host Cities*Innsbruck
20%
Multiple Olympics Host Cities*Lake Placid
17%
Multiple Olympics Host Cities*St. Moritz
15%
Multiple Olympics Host Cities*Cortina d'Ampezzo
11%

Score Distribution

Percentile by Number Answered

Percent of People with Each Score

Your Score History

You have not taken this quiz